000
00300nam a22001337a 4500
020
_a
9788126513697
082
_a
570.28
100
_a
Webster, John.G.
245
_a
Biointrumentation
260
_a
New Delhi :
_b
Wiley,
_c
2014.
300
_a
383 p. ;
_b
23 cm.
500
_a
Paperback.
942
_c
BK
999
_c
33699
_d
33699